| 000 | 00801pam a2200253 4500 | ||
|---|---|---|---|
| 001 | 4281 | ||
| 003 | BD-RjUL | ||
| 005 | 20211208233851.0 | ||
| 008 | 123122s1974 mau b 001 0 eng | ||
| 020 | _a0669966444 | ||
| 035 | _a(BD-RjUL)4316 | ||
| 040 |
_aDLC _cDLC _dDLC _dBD-RjUL _beng |
||
| 041 | _aeng | ||
| 082 | 0 | 0 |
_a345.79405 _bCAL 1974 _223 |
| 100 | 1 |
_aCarter, Lief H. _913559 |
|
| 245 | 1 | 4 |
_aThe limits of order / _c[by] Lief H. Carter. |
| 260 |
_aLexington, Mass : _bLexington Books, _cc1974. |
||
| 300 |
_axiii, 206 p. ; _c24 cm. |
||
| 504 | _aIncludes bibliographical references and index. | ||
| 650 | 0 |
_aCriminal justice, Administration of _zCalifornia _xCase studies. _913560 |
|
| 650 | 0 |
_aPublic prosecutors _zCalifornia _xCase studies. _913561 |
|
| 942 |
_2ddc _cBK |
||
| 999 |
_c4281 _d4281 |
||